• 首页
  • 本馆介绍
  • 公告通知
  • 最新文献
  • 馆藏检索
  • 电子资源
  • 读者导购
  • 参考咨询
  • 我的图书馆
  • 登录
  • 详细信息显示
  • 放入我的书架
  • 预约/预借图书
  • 作者相关作品
  • 分类相关作品
  • 丛书相关作品
  • 出版社相关作品

书目信息

  • 表格格式
  • 工作单格式
  • 卡片格式
书名: A dictionary of common philosophical terms
作者: Gregory Pence.
分册号:
分册名:
出版地: Boston :
 
出版社: McGraw-Hill
出版时间: c2000.
页数: 57 p. ;
开本: 23 cm.
丛书名:
中图分类号:
科图分类号:
其他分类号: B-61
主题词:
电子资源:
000 00815cam a2200253 a 450
001 E0760414288
005 20070320164831.03
008 021002s2000 mau d 000 0 eng
010    @a2002514461
020    @a0072829311 (alk. paper).
040    @aDLC@cDLC@dDLC
042    @apcc
050 00 @aB41@b.P46 2000
082 00 @a103@2 21
090    @aB-61
099    @dB-61@ex6
100 1  @aPence, Gregory E.
245 12 @aA dictionary of common philosophical terms / @cGregory Pence.
260    @aBoston :@bMcGraw-Hill,@cc2000.
300    @a57 p. ;@c23 cm.
650  0 @aPhilosophy@vDictionaries.
906    @a7@bcbc@corignew@d2@encip@f20@gy-gencatlg
925 0  @aacquire@b2 shelf copies@xpolicy default
955    @apv07 2002-10-02 to SSCD@csh21 2002-11-18@dsh13 2002-12-12@esh38 2002-12-16 to Dewey@aaa03 2003-02-11
    
    A dictionary of common philosophical terms / / Gregory Pence.-Boston : : McGraw-Hill, , c2000.
    57 p. ; ; 23 cm.
    
    
    ISBN 0072829311 (alk. paper).
    
●
相关链接 在E读中查询图书 在五车中查询图书 在当当中查询图书 在豆瓣中查询图书


正题名:dictionary of common philosophical terms     索取号:B-61/x6         预约/预借

序号 登录号 条形码 馆藏地/架位号 状态 备注
1 0001864   300018647   第二样本阅览室/ [索取号:B-61/x6] 在馆    
唐山师范学院图书馆 欢迎您!
大连网信软件有限公司© 版权所有